| 000 | 00961nam a2200205 i 4500 | ||
|---|---|---|---|
| 001 | 165379 | ||
| 003 | ES-MaACL | ||
| 005 | 20250921063037.0 | ||
| 008 | 990217s1879 sp |||| | spa d | ||
| 100 | 1 |
_aSilvela, Manuel, _d1830-1892 _9141412 |
|
| 245 | 1 | 0 | _aDiscurso pronunciado por Manuel Silvela, presidente de la Academia Matritense de Jurisprudencia y Legislación en la sesión inaugural del curso de 1879 a 1880 celebrada el 29 de octubre de 1879. |
| 260 |
_aMadrid : _bImp. del Ministerio de Gracia y Justicia, _c1879. |
||
| 300 |
_a18 p. ; _c25 cm. |
||
| 594 | _aTema del discurso: La codificación del derecho internacional privado. | ||
| 650 | 0 | 7 |
_aDerecho internacional privado _2embne _911721 |
| 710 | 2 |
_aAcademia Matritense de Jurisprudencia y Legislación. _91204 |
|
| 852 |
_aES-MaACL _jFol-Laf-95 _z. - Legado M. de la Fuente |
||
| 852 |
_aES-MaACL _jT-318-F-5 _z- Enc. hol. _z- Enc. en un vol. facticio |
||
| 999 |
_c165379 _d165379 |
||